00345nam a2200121Ia 4500008004100000041000800041082001800049100002500067245004500092260004400137300003100181365001100212240624s9999 xx 000 0 und d aeng a025.00285 RAM aRAMAIAH CHENNUPATI K aELECTRONIC RESOURCES MANAGEMENT IN LIBRA c2013aMumbaibAllied Publishers Pvt Ltd axix, : 424 : p. : cm. ; 24 cRSb32